Countries That Border China by Picture - Statistics

General Stats
  • This quiz has been taken 25 times
  • The average score is 9 of 16
Answer Stats
Picture Answer % Correct
India
80%
Mongolia
80%
North Korea
70%
Pakistan
70%
Russia
65%
Afghanistan
60%
Kyrgyzstan
60%
Laos
60%
Myanmar
60%
Nepal
60%
Vietnam
55%
Bhutan
50%
Tajikistan
50%
Hong Kong
45%
Kazakhstan
45%
Macau
35%
No matching quizzes found
Score Distribution
Percent of People with Each Score
Percentile by Number Answered
Your Score History
You have not taken this quiz